000 00840nam a22002297a 4500
001 39365
003 BD-RjUL
005 20211209052957.0
008 160409bg||||| |||| 00| 0 ben d
020 _a9789848857120
_c: Tk. 97.50
035 _a(BD-RjUL)39478
040 _aBD-RjUL
_bben
_cBD-RjUL
041 _aben
082 _223
_a650.14
_bSAC 2010
100 _aসাহা, সজীব
_9121368
245 _aচাকরি পওয়ার কৌশল :
_bসাফল্যের ১০১ টি টিপস /
_cসজীব সাহা
260 _aঢাকা :
_bমুক্তধারা ,
_c২০১০.
300 _a১৩৬ পৃ.:
_bচিত্র ;
_c২২ সেমি.
650 _aCareer development.
_9121369
650 _aপেশার উন্নয়ন.
_9121370
942 _2ddc
_cBK
999 _c39365
_d39365